|
|
|
|
| LEADER |
04598nam a2200541 a 4500 |
| 001 |
14970881 |
| 003 |
BD-DhAAL |
| 008 |
100629m20092008njua b 001 0 eng d |
| 010 |
|
|
|a 2007034147
|
| 020 |
|
|
|a 9788131725382
|
| 020 |
|
|
|a 0131746170 (alk. paper)
|
| 020 |
|
|
|a 9780131746176 (alk. paper)
|
| 020 |
|
|
|a 9780138142735 (pbk.)
|
| 020 |
|
|
|a 0138142734 (pbk.)
|
| 040 |
|
|
|a DLC
|c DLC
|d YDX
|d BAKER
|d YDXCP
|d NLGGC
|d OCLCG
|d BTCTA
|d UKM
|d DLC
|d DB-DhAAL
|
| 082 |
0 |
0 |
|a 658.3
|2 22
|
| 100 |
1 |
|
|a Dessler, Gary,
|d 1942-
|
| 245 |
1 |
0 |
|a Human resource management /
|c Gary Dessler, Biju Varkkey.
|
| 250 |
|
|
|a Eleventh edition.
|
| 260 |
|
|
|a Upper Saddle River, NJ ;
|a New Delhi :
|b Pearson Prentice Hall,
|c c2009.
|
| 300 |
|
|
|a xxviii, 801 pages :
|b illustrations (chiefly col.) ;
|c 27 cm.
|
| 504 |
|
|
|a Includes bibliographical references and indexes.
|
| 541 |
1 |
|
|e 00020479
|
| 650 |
|
0 |
|a Personnel management.
|
| 700 |
1 |
|
|a Varkkey, Biju
|
| 852 |
4 |
|
|a Ayesha Abed Library
|j General Shelf.
|
| 942 |
0 |
0 |
|0 16
|2 ddc
|c BK
|
| 999 |
|
|
|c 9106
|d 9106
|
| 952 |
|
|
|0 0
|1 0
|2 ddc
|4 0
|6 658_300000000000000_DES_2009
|7 0
|9 11322
|a BRACUL
|b BRACUL
|c GEN
|d 2010-06-29
|l 18
|m 84
|o 658.3 DES
|p 3010020479
|r 2026-05-19
|s 2026-03-02
|t 1
|w 2010-06-29
|y BK
|
| 952 |
|
|
|0 0
|1 0
|2 ddc
|4 0
|6 658_300000000000000_DES_2009
|7 0
|9 11323
|a BRACUL
|b BRACUL
|c GEN
|d 2010-06-29
|l 28
|m 226
|o 658.3 DES
|p 3010020478
|r 2024-10-30
|s 2024-07-07
|t 2
|w 2010-06-29
|y BK
|
| 952 |
|
|
|0 0
|1 0
|2 ddc
|4 0
|6 658_300000000000000_DES_2009
|7 0
|9 11324
|a BRACUL
|b BRACUL
|c GEN
|d 2010-06-29
|l 31
|m 210
|o 658.3 DES
|p 3010020480
|r 2026-05-20
|s 2026-03-02
|t 3
|w 2010-06-29
|y BK
|
| 952 |
|
|
|0 0
|1 0
|2 ddc
|4 0
|6 658_300000000000000_DES_2009
|7 0
|9 11325
|a BRACUL
|b BRACUL
|c GEN
|d 2010-06-29
|l 26
|m 207
|o 658.3 DES
|p 3010020481
|r 2025-10-08
|s 2025-07-08
|t 4
|w 2010-06-29
|y BK
|
| 952 |
|
|
|0 0
|1 0
|2 ddc
|4 0
|6 658_300000000000000_DES_2009
|7 0
|9 11326
|a BRACUL
|b BRACUL
|c GEN
|d 2010-06-29
|l 25
|m 192
|o 658.3 DES
|p 3010020482
|r 2025-01-17
|s 2025-01-13
|t 5
|w 2010-06-29
|y BK
|
| 952 |
|
|
|0 0
|1 0
|2 ddc
|4 0
|6 658_300000000000000_DES_2009
|7 0
|9 11327
|a BRACUL
|b BRACUL
|c GEN
|d 2010-06-29
|l 30
|m 200
|o 658.3 DES
|p 3010020483
|r 2024-11-18
|s 2024-02-18
|t 6
|w 2010-06-29
|y BK
|
| 952 |
|
|
|0 0
|1 4
|2 ddc
|4 0
|6 658_300000000000000_DES
|7 0
|9 11328
|a BRACUL
|b BRACUL
|c GEN
|d 2010-06-29
|l 16
|m 125
|o 658.3 DES
|p 3010020484
|r 2015-10-11
|s 2015-09-07
|t 7
|w 2010-06-29
|y BK
|x Koha Inventory 2020
|
| 952 |
|
|
|0 0
|1 4
|2 ddc
|4 0
|6 658_300000000000000_DES
|7 0
|9 11329
|a BRACUL
|b BRACUL
|c GEN
|d 2010-06-29
|l 25
|m 227
|o 658.3 DES
|p 3010020485
|r 2018-12-17
|s 2018-09-18
|t 8
|w 2010-06-29
|y BK
|x Koha Inventory 2020
|
| 952 |
|
|
|0 0
|1 0
|2 ddc
|4 0
|6 658_300000000000000_DES_2009
|7 0
|9 11330
|a BRACUL
|b BRACUL
|c GEN
|d 2010-06-29
|l 32
|m 301
|o 658.3 DES
|p 3010020486
|r 2025-01-21
|s 2024-10-27
|t 9
|w 2010-06-29
|y BK
|
| 952 |
|
|
|0 0
|1 0
|2 ddc
|4 0
|6 658_300000000000000_DES_2009
|7 0
|9 11331
|a BRACUL
|b BRACUL
|c GEN
|d 2010-06-29
|l 26
|m 192
|o 658.3 DES
|p 3010020487
|r 2025-01-19
|s 2024-10-27
|t 10
|w 2010-06-29
|y BK
|
| 952 |
|
|
|0 0
|1 0
|2 ddc
|4 0
|6 658_300000000000000_DES_2009
|7 0
|9 11332
|a BRACUL
|b BRACUL
|c GEN
|d 2010-06-29
|l 26
|m 203
|o 658.3 DES
|p 3010020488
|r 2025-07-31
|s 2025-07-30
|t 11
|w 2010-06-29
|y BK
|
| 952 |
|
|
|0 0
|1 0
|2 ddc
|4 0
|6 658_300000000000000_DES_2009
|7 0
|9 11333
|a BRACUL
|b BRACUL
|c GEN
|d 2010-06-29
|l 33
|m 345
|o 658.3 DES
|p 3010020489
|r 2026-04-26
|s 2024-10-26
|t 12
|w 2010-06-29
|y BK
|
| 952 |
|
|
|0 0
|1 0
|2 ddc
|4 0
|6 658_300000000000000_DES_2009
|7 0
|9 11334
|a BRACUL
|b BRACUL
|c GEN
|d 2010-06-29
|l 35
|m 245
|o 658.3 DES
|p 3010020490
|r 2024-10-04
|s 2024-05-28
|t 13
|w 2010-06-29
|y BK
|
| 952 |
|
|
|0 0
|1 0
|2 ddc
|4 0
|6 658_300000000000000_DES_2009
|7 0
|9 11335
|a BRACUL
|b BRACUL
|c GEN
|d 2010-06-29
|l 21
|m 181
|o 658.3 DES
|p 3010020491
|r 2025-07-09
|s 2017-05-17
|t 14
|w 2010-06-29
|y BK
|
| 952 |
|
|
|0 0
|1 0
|2 ddc
|4 0
|6 658_300000000000000_DES_2009
|7 0
|9 11336
|a BRACUL
|b BRACUL
|c GEN
|d 2010-06-29
|l 33
|m 245
|o 658.3 DES
|p 3010020492
|r 2025-10-05
|s 2025-07-10
|t 15
|w 2010-06-29
|y BK
|
| 952 |
|
|
|0 0
|1 0
|2 ddc
|4 0
|6 658_300000000000000_DES_2009
|7 0
|9 11337
|a BRACUL
|b BRACUL
|c GEN
|d 2010-06-29
|l 24
|m 194
|o 658.3 DES
|p 3010020493
|r 2025-05-24
|s 2024-10-30
|t 16
|w 2010-06-29
|y BK
|
| 952 |
|
|
|0 0
|1 0
|2 ddc
|4 0
|6 658_300000000000000_DES_2009
|7 0
|9 11338
|a BRACUL
|b BRACUL
|c GEN
|d 2010-06-29
|l 26
|m 295
|o 658.3 DES
|p 3010020494
|r 2023-10-09
|s 2023-05-30
|t 17
|w 2010-06-29
|y BK
|
| 952 |
|
|
|0 0
|1 4
|2 ddc
|4 0
|6 658_300000000000000_DES
|7 0
|9 11339
|a BRACUL
|b BRACUL
|c GEN
|d 2010-06-29
|l 0
|o 658.3 DES
|p 3010020495
|r 2010-06-29
|t 18
|w 2010-06-29
|y BK
|x Koha Inventory 2020
|
| 952 |
|
|
|0 0
|1 0
|2 ddc
|4 0
|6 658_300000000000000_DES_2009
|7 0
|9 11340
|a BRACUL
|b BRACUL
|c GEN
|d 2010-06-29
|l 11
|m 87
|o 658.3 DES
|p 3010020496
|r 2022-09-25
|s 2020-11-15
|t 19
|w 2010-06-29
|y BK
|
| 952 |
|
|
|0 0
|1 0
|2 ddc
|4 0
|6 658_300000000000000_DES_2009
|7 0
|9 11341
|a BRACUL
|b BRACUL
|c GEN
|d 2010-06-29
|l 33
|m 367
|o 658.3 DES
|p 3010020497
|r 2024-11-06
|s 2024-07-07
|t 20
|w 2010-06-29
|y BK
|